01786nam a2200325 4500001000400000003000400004005001700008008004100025020001800066040000800084041001300092082001700105100001500122240004900137245016100186260003400347300001600381490004000397520078800437650002501225650001901250650001701269650001301286650002101299655001201320655001601332700004501348700002701393830004001420269OSt20250528074016.0250313b |||||||j |||| 00| 1 eng d a9788539505487 bPor hengapor a028.5bS879c aStone, Rex aDinosaur Cove: March of the Armoured Beasts  aA Caverna dos Dinossauros bA marcha das feras encouraçadas / cStone, Rex ; tradução de Barbara Sampaio Vieira Duarte e ilustração de Mike Spoor aSão PaulobFundamentoc2014 a59 p.bil. 1 aA Caverna dos Dinossauros vLivro 3 aJamie e seu amigo, Tom, estão de volta às fantásticas paisagens do Mundo dos Dinossauros. Assim que eles chegam, dão de cara com pegadas enormes e decidem segui-las. A trilha leva a um grupo de gigantescos dinossauros cobertos por uma carapaça impenetrável e com rabos que parecem uma clava. O Descobridor de Fósseis os identifica como anquilossauros. Os imensos répteis não sabem, mas um filhote se desgarrou do bando e corre grande perigo. O bebê dino está atolado no pântano e afunda rapidamente em um lamaçal fedorento. Por sorte, Jamie e Tom o encontram e vão fazer todo o possível para salvá-lo. Mas, será que a mamãe anquilossauro vai entender que os garotos só querem ajudar? Ou vai atacá-los com sua cauda poderosa? Leia e descubra!  0aLiteratura Americana 0aInfantojuvenil 0aDinossauros  0aAventura 0aGrandes Amizades 0aRomance 0aFicção  aBarbara Sampaio Vieira DuarteeTRADUTORA aMike SpooreIlustrador aA Caverna dos Dinossauros vLivro 3